书目信息 |
| 题名: |
汉语初级强化教程
|
|
| 作者: | 肖奚强 , 朱敏 主编 ;段轶娜 , 沈冲 编著 | |
| 分册: | Ⅲ 听说课本 | |
| 出版信息: | 北京 北京大学出版社 2009.02 |
|
| 页数: | 200页 | |
| 开本: | 26cm | |
| 丛书名: | ||
| 单 册: | ||
| 中图分类: | H195.4 , H195.5 | |
| 科图分类: | ||
| 主题词: | 汉语--对外汉语教学--教材 , 汉语--听说教学--对外汉语教学--教材 , 汉语 , 听说教学 | |
| 电子资源: | ||
| ISBN: | 978-7-301-14914-0 | |
| 000 | 01300nam0 2200337 450 | |
| 001 | 5355 | |
| 005 | 20181016163146.51 | |
| 010 | @a978-7-301-14914-0@dCNY52.00 | |
| 100 | @a20090408d2009 em y0chiy50 ea | |
| 101 | 0 | @achi@aeng |
| 102 | @aCN@b110000 | |
| 105 | @aa z 000yy | |
| 200 | 1 | @a汉语初级强化教程@9han yu chu ji qiang hua jiao cheng@i听说课本@hⅢ@dIntensive elementary Chinese course@iListening and speaking@hⅢ@f肖奚强,朱敏主编@g段轶娜[等]编著@g沈冲译@zeng |
| 210 | @a北京@c北京大学出版社@d2009.02 | |
| 215 | @a200页@c图@d26cm@e1光盘 | |
| 300 | @a北大版留学生本科汉语教材·语言技能系列 | |
| 307 | @a附光盘:ISRC CN-A20-09-0006-0 | |
| 330 | @a本书将教材中的词汇、语法点均于汉语水平考试大纲、对外外语教材学大纲相对照,确保词汇、语法学习的循序渐进。 | |
| 510 | 1 | @aInternsive elementary Chinese course@iListening and speaking@hⅢ@zeng |
| 606 | 0 | @a汉语@x对外汉语教学@j教材 |
| 606 | 0 | @a汉语@x听说教学@x对外汉语教学@j教材 |
| 606 | 0 | @a汉语 |
| 606 | 0 | @a听说教学 |
| 690 | @aH195.4@v4 | |
| 690 | @aH195.5@v4 | |
| 701 | 0 | @a肖奚强@9xiao xi qiang@c(文学博士,@f1954~)@4主编 |
| 701 | 0 | @a朱敏@9zhu min@c(女,@f1965~)@4主编 |
| 702 | 0 | @a段轶娜@9duan yi na@4编著 |
| 702 | 0 | @a沈冲@9shen chong@4译 |
| 801 | 0 | @aCN@b91MARC@c20130904 |
| 905 | @aMuseLib@dH195.4@e431:3 | |
| 汉语初级强化教程.听说课本.Ⅲ=Intensive elementary Chinese course.Listening and speaking.Ⅲ/肖奚强,朱敏主编/段轶娜[等]编著/沈冲译.-北京:北京大学出版社,2009.02 |
| 200页:图;26cm+1光盘 |
| 北大版留学生本科汉语教材·语言技能系列 |
| ISBN 978-7-301-14914-0:CNY52.00 |
| 本书将教材中的词汇、语法点均于汉语水平考试大纲、对外外语教材学大纲相对照,确保词汇、语法学习的循序渐进。 |
| ● |
| 相关链接 |
|
|
|
|
正题名:汉语初级强化教程
索取号:H195.4/431:3
 
预约/预借
| 序号 | 登录号 | 条形码 | 馆藏地/架位号 | 状态 | 备注 |
| 1 | 1129300 | 211293009 | 第二样本阅览室/ [索取号:H195.4/431:3] | 在馆 | |
| 2 | 1129301 | 211293018 | 第四借阅区/ [索取号:H195.4/431:3] | 在馆 | |
| 3 | 1129302 | 211293027 | 第四借阅区/ [索取号:H195.4/431:3] | 在馆 | |
| 4 | 1129303 | 211293036 | 第四借阅区/ [索取号:H195.4/431:3] | 在馆 | |
| 5 | 1129304 | 211293045 | 密集书库-文学院/ [索取号:H195.4/431:3] | 在馆 |